| 000 | nam a22 7a 4500 | ||
|---|---|---|---|
| 999 |
_c332181 _d332181 |
||
| 003 | NUST | ||
| 005 | 20171116144059.0 | ||
| 008 | 171116b xxu||||| |||| 00| 0 eng d | ||
| 020 | _a0931465029 | ||
| 040 | _c0 | ||
| 082 | _a628.5 POL | ||
| 245 |
_aPollution Control Engineer's Handbook _cCompiled by Edward J.Shields |
||
| 250 | _a3rd ed. | ||
| 260 |
_aUSA _bGULF _c1988 |
||
| 300 | _a204p. | ||
| 500 | _aH.B | ||
| 942 |
_2ddc _cBK _kIESE |
||